Добавление тяжелых н-парафинов, как способ повышения эффективности действия депрессорных присадок; Химия и химическая технология в XXI веке

Bibliographische Detailangaben
Parent link:Химия и химическая технология в XXI веке.— 2020.— [С. 396-397]
1. Verfasser: Орлова А. М. Анна Марковна
Körperschaften: Национальный исследовательский Томский политехнический университет Инженерная школа природных ресурсов Отделение химической инженерии, Национальный исследовательский Томский политехнический университет Исследовательская школа химических и биомедицинских технологий Научно-исследовательский центр "Онкотераностика"
Weitere Verfasser: Киргина М. В. Мария Владимировна (научный руководитель)
Zusammenfassung:Заглавие с экрана
Sprache:Russisch
Veröffentlicht: 2020
Schriftenreihe:Технология и моделирование процессов подготовки и переработки углеводородного сырья
Schlagworte:
Online-Zugang:http://earchive.tpu.ru/handle/11683/63424
Format: Elektronisch Buchkapitel
KOHA link:https://koha.lib.tpu.ru/cgi-bin/koha/opac-detail.pl?biblionumber=631922

MARC

LEADER 00000naa2a2200000 4500
001 631922
005 20231101133703.0
035 |a (RuTPU)RU\TPU\conf\33623 
035 |a RU\TPU\conf\33621 
090 |a 631922 
100 |a 20200924d2020 k y0rusy50 ca 
101 0 |a rus 
102 |a RU 
105 |a y z 101zy 
135 |a drgn ---uucaa 
181 0 |a i  
182 0 |a b 
200 1 |a Добавление тяжелых н-парафинов, как способ повышения эффективности действия депрессорных присадок  |f А. М. Орлова  |g науч. рук. М. В. Киргина 
203 |a Текст  |c электронный 
225 1 |a Технология и моделирование процессов подготовки и переработки углеводородного сырья 
230 |a 1 компьютерный файл (pdf; 735 Kb) 
300 |a Заглавие с экрана 
320 |a [Библиогр.: с. 397 (4 назв.)] 
338 |b Российский фонд фундаментальных исследований  |d 19-48-703025 
463 0 |0 (RuTPU)RU\TPU\conf\32967  |t Химия и химическая технология в XXI веке  |o материалы XXI Международной научно-практической конференции студентов и молодых ученых имени выдающихся химиков Л. П. Кулёва и Н. М. Кижнера, посвященной 110-летию со дня рождения профессора А. Г. Стромберга, 21–24 сентября 2020 г., г. Томск  |f Национальный исследовательский Томский политехнический университет  |v [С. 396-397]  |d 2020 
610 1 |a электронный ресурс 
610 1 |a труды учёных ТПУ 
610 1 |a н-парафины 
610 1 |a эффективность 
610 1 |a депрессорные присадки 
610 1 |a дизельные топлива 
610 1 |a низкотемпературные свойства 
610 1 |a низкотемпературные присадки 
700 1 |a Орлова  |b А. М.  |c специалист в области медицинских технологий  |c старший научный сотрудник Научно-исследовательского центра "Онкотераностика" Томского политехнического университета, Ph.D  |f 1960-  |g Анна Марковна  |2 stltpush  |3 (RuTPU)RU\TPU\pers\46553 
702 1 |a Киргина  |b М. В.  |c химик-технолог  |c ассистент Томского политехнического университета  |f 1988-  |g Мария Владимировна  |2 stltpush  |4 727 
712 0 2 |a Национальный исследовательский Томский политехнический университет  |b Инженерная школа природных ресурсов  |b Отделение химической инженерии  |h 8085  |2 stltpush  |3 (RuTPU)RU\TPU\col\23513 
712 0 2 |a Национальный исследовательский Томский политехнический университет  |b Исследовательская школа химических и биомедицинских технологий  |b Научно-исследовательский центр "Онкотераностика"  |h 8442  |2 stltpush  |3 (RuTPU)RU\TPU\col\27561 
801 2 |a RU  |b 63413507  |c 20201125  |g RCR 
856 4 |u http://earchive.tpu.ru/handle/11683/63424 
942 |c BK